Кинетика электрохимического синтеза нанодисперсного оксида олова в растворах хлорида натрия; Химия и химическая технология в XXI веке

Bibliografiset tiedot
Parent link:Химия и химическая технология в XXI веке.— 2008.— С. 7-8
Päätekijä: Балмашнов М. А. Михаил Александрович
Muut tekijät: Кузнецова А. В. (научный руководитель), Коробочкин В. В. Валерий Васильевич
Kieli:venäjä
Julkaistu: 2008
Aiheet:
Aineistotyyppi: Kirjan osa
KOHA link:https://koha.lib.tpu.ru/cgi-bin/koha/opac-detail.pl?biblionumber=167172

MARC

LEADER 00000naa2a2200000 4500
001 167172
005 20231214104625.0
035 |a (RuTPU)RU\TPU\book\181335 
090 |a 167172 
100 |a 20091013d2008 k y0rusy50 ca 
101 0 |a rus 
102 |a RU 
200 1 |a Кинетика электрохимического синтеза нанодисперсного оксида олова в растворах хлорида натрия  |f М. А. Балмашнов, А. В. Кузнецова  |g науч. рук. В. В. Коробочкин 
463 0 |0 (RuTPU)RU\TPU\book\176288  |t Химия и химическая технология в XXI веке  |o IX Всероссийская научно-практическая конференция студентов и аспирантов, Томск, 14-16 мая 2008 г.  |o сборник материалов  |f Томский политехнический университет (ТПУ) ; Химия и химическая технология в XXI веке  |v С. 7-8  |d 2008  |p 338 с. 
610 1 |a электрохимический синтез 
610 1 |a кинетика 
610 1 |a оксид олова 
610 1 |a хлорид натрия 
610 1 |a нанодисперсные оксиды 
610 1 |a растворы 
610 1 |a труды учёных ТПУ 
700 1 |a Балмашнов  |b М. А.  |c химик-технолог  |c доцент Томского политехнического университета, кандидат технических наук  |f 1982-  |g Михаил Александрович  |3 (RuTPU)RU\TPU\pers\24855  |9 11059 
701 1 |a Кузнецова  |b А. В. 
702 1 |a Коробочкин  |b В. В.  |c российский химик-технолог  |c профессор Томского политехнического университета, доктор технических наук  |f 1951-  |g Валерий Васильевич  |4 727 
801 1 |a RU  |b 63413507  |c 20091013 
801 2 |a RU  |b 63413507  |c 20130515  |g RCR 
942 |c BK